[Event "RUS GP rap"]
[Site "Serpukhov"]
[Date "2018.02.24"]
[Round "9"]
[White "Zakirov, Vladislav"]
[Black "Kholin, Aleksandr1111"]
[Result "0-1"]
[WhiteElo "2080"]
[BlackElo "2410"]
[PlyCount "104"]
[EventDate "2018.02.23"]
[EventType "swiss (rapid)"]
[EventRounds "11"]
[EventCountry "RUS"]
[SourceTitle "CBM 183 Extra"]
[Source "ChessBase"]
[SourceDate "2018.04.19"]
[SourceVersion "1"]
[SourceVersionDate "2018.04.19"]
[SourceQuality "1"]

1. e4 e5 2. Nf3 Nc6 3. Bc4 g6 4. d4 exd4 5. Nxd4 Bg7 6. Nxc6 bxc6 7. 0-0 Ne7 8. Nc3 0-0 9. Bb3 d6 10. Be3 a5 11. Bd4 c5 12. Bxg7 Kxg7 13. Bc4 Be6 14. Nd5 Bxd5 15. Bxd5 c6 16. Bc4 d5 17. exd5 cxd5 18. Bb5 Qb6 19. a4 Qf6 20. c3 Rfd8 21. Re1 Nf5 22. Rc1 Rab8 23. Qd2 h5 24. Qf4 Nd6 25. Qd2 Nxb5 26. axb5 Rxb5 27. h3 d4 28. cxd4 Rxd4 29. Qe3 Rxb2 30. Rxc5 Rdd2 31. Rf1 Re2 32. Qg3 h4 33. Qc3 Qxc3 34. Rxc3 Re4 35. Ra3 a4 36. Rc1 Rf4 37. f3 Rb3 38. Ra2 a3 39. Rc6 Rd4 40. Kf2 Rb2+ 41. Rxb2 axb2 42. Rb6 Rd2+ 43. Kg1 Rc2 44. Kh2 Kf8 45. Rb7 Ke8 46. f4 Kd8 47. f5 gxf5 48. Rxf7 Rxg2+ 49. Kxg2 b1Q 50. Rh7 Qe4+ 51. Kf2 Qf4+ 52. Ke2 Qg3 0-1

[Event "Samara Polugaevsky Memorial 7th"]
[Site "Samara"]
[Date "2017.07.15"]
[Round "8"]
[White "Gutkovich, Polina"]
[Black "Zakirov, Vladislav"]
[Result "0-1"]
[WhiteElo "1921"]
[BlackElo "2126"]
[PlyCount "116"]
[EventDate "2017.07.08"]
[EventType "swiss"]
[EventRounds "9"]
[EventCountry "RUS"]
[SourceTitle "EXT 2018"]
[Source "ChessBase"]
[SourceDate "2017.10.13"]
[SourceVersion "1"]
[SourceVersionDate "2017.10.13"]
[SourceQuality "1"]

1. e4 e5 2. Nf3 Nc6 3. Bb5 a6 4. Bxc6 dxc6 5. 0-0 Qf6 6. d4 exd4 7. Qxd4 Qxd4 8. Nxd4 Bd7 9. Be3 0-0-0 10. Nc3 Bb4 11. Nde2 Ne7 12. a3 Ba5 13. Na4 c5 14. Nxc5 Bb5 15. Nd3 Bxd3 16. cxd3 Rxd3 17. b4 Bb6 18. Bxb6 cxb6 19. Rfc1+ Kb8 20. Kf1 Nc6 21. Nf4 Rd4 22. f3 Rhd8 23. Ke1 g5 24. Ne2 Rd3 25. Rd1 Ne5 26. Rxd3 Rxd3 27. Nc1 Re3+ 28. Kf2 Rc3 29. Ne2 Rb3 30. Nd4 Rb2+ 31. Kg3 Nd3 32. Nf5 Nf4 33. Kg4 Rxg2+ 34. Ng3 h6 35. Kf5 Rxh2 36. Rh1 Rg2 37. Nh5 Ne2 38. e5 Nd4+ 39. Ke4 Nc6 40. Nf6 Re2+ 41. Kd3 Ra2 42. Ke4 Kc8 43. Ng4 Rxa3 44. Nxh6 Rb3 45. Nxf7 Rxb4+ 46. Kd5 Kd7 47. e6+ Ke7 48. Rd1 Rb5+ 49. Kc4 Rc5+ 50. Kb3 Kxe6 51. Nh6 Ne5 52. Re1 Kd5 53. Rd1+ Kc6 54. Nf5 Nxf3 55. Ne7+ Kb5 56. Rd6 Ne5 57. Nf5 Nc6 58. Ng7 Re5 0-1

[Event "Samara Polugaevsky Memorial 7th"]
[Site "Samara"]
[Date "2017.07.14"]
[Round "7"]
[White "Zakirov, Vladislav"]
[Black "Stepanov, Ivan"]
[Result "1-0"]
[WhiteElo "2126"]
[BlackElo "1770"]
[PlyCount "35"]
[EventDate "2017.07.08"]
[EventType "swiss"]
[EventRounds "9"]
[EventCountry "RUS"]
[SourceTitle "EXT 2018"]
[Source "ChessBase"]
[SourceDate "2017.10.13"]
[SourceVersion "1"]
[SourceVersionDate "2017.10.13"]
[SourceQuality "1"]

1. e4 e5 2. Nf3 d6 3. Bc4 Nf6 4. Ng5 d5 5. exd5 h6 6. Nf3 e4 7. Ne5 Bd6 8. d4 exd3 9. Nxd3 0-0 10. 0-0 Bxh2+ 11. Kxh2 Ng4+ 12. Kg1 Qh4 13. Bf4 Nf6 14. Nd2 Bg4 15. f3 Bf5 16. Qe1 Qh5 17. g4 Qg6 18. Ne5 1-0

[Event "Samara Polugaevsky Memorial 7th"]
[Site "Samara"]
[Date "2017.07.11"]
[Round "4"]
[White "Loginov, Ilya"]
[Black "Zakirov, Vladislav"]
[Result "1/2-1/2"]
[WhiteElo "1947"]
[BlackElo "2126"]
[PlyCount "64"]
[EventDate "2017.07.08"]
[EventType "swiss"]
[EventRounds "9"]
[EventCountry "RUS"]
[SourceTitle "EXT 2018"]
[Source "ChessBase"]
[SourceDate "2017.10.13"]
[SourceVersion "1"]
[SourceVersionDate "2017.10.13"]
[SourceQuality "1"]

1. e4 e5 2. Nf3 Nc6 3. Bc4 Bc5 4. d3 Nf6 5. 0-0 d6 6. a4 a6 7. c3 Ba7 8. Nbd2 0-0 9. Re1 Ne7 10. Nf1 Ng6 11. Ng3 Be6 12. Bb3 Qd7 13. d4 exd4 14. cxd4 Bg4 15. e5 dxe5 16. dxe5 Qxd1 17. Bxd1 Nd7 18. Be3 Bxe3 19. Rxe3 Rfe8 20. h3 Bxf3 21. Bxf3 c6 22. e6 Rxe6 23. Rxe6 fxe6 24. Bg4 Re8 25. Ne4 Nf6 26. Nd6 Re7 27. Nc8 Re8 28. Nd6 Re7 29. Nc8 Re8 30. Nd6 Re7 31. Nc8 Re8 32. Nd6 Re7 1/2-1/2

[Event "Samara Polugaevsky Memorial 6th"]
[Site "Samara"]
[Date "2016.07.11"]
[Round "9"]
[White "Murtazin, Ruslan"]
[Black "Zakirov, Vladislav"]
[Result "1/2-1/2"]
[WhiteElo "2136"]
[BlackElo "2013"]
[PlyCount "60"]
[EventDate "2016.07.03"]
[EventType "swiss"]
[EventRounds "9"]
[EventCountry "RUS"]
[SourceTitle "EXT 2019"]
[Source "ChessBase"]
[SourceDate "2018.10.10"]
[SourceVersion "1"]
[SourceVersionDate "2018.10.10"]
[SourceQuality "1"]

1. e4 e5 2. Nf3 Nc6 3. Nc3 Bc5 4. Be2 d6 5. 0-0 Nf6 6. d3 h6 7. h3 0-0 8. Be3 Bxe3 9. fxe3 d5 10. exd5 Nxd5 11. Nxd5 Qxd5 12. e4 Qc5+ 13. Kh1 Nd4 14. c3 Nxf3 15. Rxf3 Qb6 16. Qd2 c5 17. g4 f6 18. Rg1 Be6 19. h4 g5 20. b3 a5 21. Qe3 Qd6 22. Bd1 b5 23. Qc1 Kg7 24. Bc2 Rad8 25. Qf1 Bc8 26. Rg2 Qe7 27. Kh2 Be6 28. Rh3 Bc8 29. Rf3 Be6 30. Rh3 Bc8 1/2-1/2

[Event "Samara Polugaevsky Memorial 6th"]
[Site "Samara"]
[Date "2016.07.07"]
[Round "5"]
[White "Dzhangobegov, Vladimir"]
[Black "Zakirov, Vladislav"]
[Result "1/2-1/2"]
[WhiteElo "2264"]
[BlackElo "2013"]
[PlyCount "116"]
[EventDate "2016.07.03"]
[EventType "swiss"]
[EventRounds "9"]
[EventCountry "RUS"]
[SourceTitle "EXT 2019"]
[Source "ChessBase"]
[SourceDate "2018.10.10"]
[SourceVersion "1"]
[SourceVersionDate "2018.10.10"]
[SourceQuality "1"]

1. d4 Nf6 2. c4 e6 3. Nf3 Bb4+ 4. Nbd2 0-0 5. a3 Be7 6. e4 d5 7. e5 Nfd7 8. Qc2 b6 9. Bd3 h6 10. 0-0 c5 11. Re1 Bb7 12. dxc5 Nxc5 13. Bh7+ Kh8 14. b4 Ncd7 15. cxd5 Bxd5 16. Be4 Qc8 17. Qd3 Bxe4 18. Nxe4 a5 19. Bd2 axb4 20. Bxb4 Bxb4 21. axb4 Rxa1 22. Rxa1 Nc6 23. Qb5 Ne7 24. h3 Qc6 25. Qd3 Qd5 26. Qxd5 Nxd5 27. Ra7 Rd8 28. b5 Kg8 29. Nd6 f6 30. exf6 N7xf6 31. Nc4 Nc3 32. Nxb6 Nxb5 33. Ra1 Nd5 34. Nc4 Nd6 35. Nce5 Nf7 36. Ra7 Nxe5 37. Nxe5 Nf4 38. Kh2 Nd3 39. Nxd3 Rxd3 40. Re7 Rd6 41. Kg3 Kh7 42. f4 Kg6 43. Kg4 Kf6 44. Re8 Kf7 45. Ra8 Rd5 46. Kf3 Rd4 47. Ra5 Kf6 48. h4 Rd3+ 49. Kg4 Rd4 50. g3 Rd3 51. h5 Rd1 52. Ra8 Rd5 53. Kh4 Rd1 54. Ra6 Re1 55. Ra5 Rd1 56. Kg4 Rd3 57. Kh3 Rc3 58. Kh4 Rc1 1/2-1/2

[Event "Moscow Region-ch"]
[Site "Kolomna"]
[Date "2015.10.19"]
[Round "6"]
[White "Zakirov, Vladislav"]
[Black "Kolyuzhnov, Vladislav"]
[Result "1/2-1/2"]
[WhiteElo "1900"]
[BlackElo "1854"]
[PlyCount "103"]
[EventDate "2015.10.16"]
[EventType "swiss"]
[EventRounds "9"]
[EventCountry "RUS"]
[SourceTitle "CBM 169 Extra"]
[Source "ChessBase"]
[SourceDate "2015.12.18"]
[SourceVersion "1"]
[SourceVersionDate "2015.12.18"]
[SourceQuality "1"]

1. e4 e6 2. d3 d5 3. Nd2 Nf6 4. g3 c5 5. Bg2 Nc6 6. Ngf3 Be7 7. 0-0 0-0 8. Re1 dxe4 9. dxe4 e5 10. c3 Qc7 11. Qc2 h6 12. h3 Be6 13. Nf1 c4 14. Ne3 b5 15. Nh4 Bc5 16. Nd5 Qd8 17. Be3 Bxe3 18. Nxe3 Qd3 19. Rad1 Qxc2 20. Nxc2 Rad8 21. Ne3 Rd3 22. Nd5 Rd8 23. Nxf6+ gxf6 24. Rxd3 Rxd3 25. Re2 b4 26. cxb4 Nxb4 27. a3 Nc6 28. Re1 Nd4 29. Bf1 Rd2 30. Rb1 Rc2 31. g4 Kf8 32. Nf5 Bxf5 33. exf5 Nf3+ 34. Kg2 Nd2 35. Rd1 Rxb2 36. Rc1 Nxf1 37. Kxf1 Rb3 38. a4 c3 39. Ke2 Ke7 40. Kd3 c2+ 41. Kxc2 Rxh3 42. Kd2 Kd6 43. Rb1 Rf3 44. Ke2 Rc3 45. Rb7 Rc7 46. Rb8 Rc4 47. Rb7 Rxa4 48. Rxf7 Rxg4 49. Rxf6+ Kd5 50. Rxh6 Rf4 51. Ra6 Rxf5 52. Rxa7 1/2-1/2

[Event "Voronezh op-B 19th"]
[Site "Voronezh"]
[Date "2015.06.21"]
[Round "9"]
[White "Tatarintsev, Egor"]
[Black "Zakirov, Vladislav"]
[Result "1-0"]
[WhiteElo "1769"]
[BlackElo "1910"]
[PlyCount "45"]
[EventDate "2015.06.12"]
[EventType "swiss"]
[EventRounds "9"]
[EventCountry "RUS"]
[SourceTitle "CBM 167 Extra"]
[Source "ChessBase"]
[SourceDate "2015.09.14"]
[SourceVersion "1"]
[SourceVersionDate "2015.09.14"]
[SourceQuality "1"]

1. e4 e5 2. Nf3 Nc6 3. Bb5 a6 4. Bxc6 dxc6 5. 0-0 f6 6. d4 exd4 7. e5 fxe5 8. Re1 Nf6 9. Rxe5+ Be7 10. Qe1 h6 11. Nxd4 0-0 12. Nxc6 bxc6 13. Rxe7 Ng4 14. Nd2 Qd6 15. Nf3 Bf5 16. Bd2 Bxc2 17. Bc3 Nf6 18. Nd4 Bg6 19. Rd1 Rad8 20. Rd2 Rfe8 21. Nf5 Bxf5 22. Rxd6 cxd6 23. Bxf6 1-0

[Event "Voronezh op-B 19th"]
[Site "Voronezh"]
[Date "2015.06.19"]
[Round "7"]
[White "Zakirov, Vladislav"]
[Black "Sychev, Victor"]
[Result "1-0"]
[WhiteElo "1910"]
[BlackElo "1764"]
[PlyCount "57"]
[EventDate "2015.06.12"]
[EventType "swiss"]
[EventRounds "9"]
[EventCountry "RUS"]
[SourceTitle "CBM 167 Extra"]
[Source "ChessBase"]
[SourceDate "2015.09.14"]
[SourceVersion "1"]
[SourceVersionDate "2015.09.14"]
[SourceQuality "1"]

1. e4 c6 2. d4 d5 3. f3 e6 4. Nc3 c5 5. exd5 exd5 6. dxc5 Be6 7. Be3 Qa5 8. a3 Nc6 9. Nge2 Nf6 10. b4 Qc7 11. Nb5 Qe5 12. Bf4 Qf5 13. Nc7+ Kd8 14. Nxa8 Ne5 15. Bxe5 Qxe5 16. Qd4 Qb8 17. Nf4 Qxa8 18. c4 b6 19. cxb6 axb6 20. Qxb6+ Ke7 21. cxd5 Nxd5 22. Nxd5+ Bxd5 23. Bd3 f6 24. Qc7+ Ke6 25. 0-0 Bd6 26. Rae1+ Be5 27. f4 Bxg2 28. f5+ Kd5 29. Qc5# 1-0